The Bichard RICS Review (Record no. 121354)

MARC details
000 -LEADER
fixed length control field 00752nam a22001937a 4500
008 - FIXED-LENGTH DATA ELEMENTS--GENERAL INFORMATION
fixed length control field 230203s2022 xxk|||||o|||| 00| 0 eng d
041 ## - LANGUAGE CODE
Language code of text/sound track or separate title eng
100 ## - MAIN ENTRY--PERSONAL NAME
Personal author Bichard, Michael
245 ## - TITLE STATEMENT
Title The Bichard RICS Review
Medium [Electronic resource]
260 ## - PUBLICATION INFORMATION
Date June 2022
520 ## - ABSTRACT
Abstract Recommendations by Lord Bichard that will create greater clarity about RICS’ purpose, roles and responsibilities, improve accountability and increase engagement with members
650 ## - KEYWORDS
Keywords RICS
651 ## - SUBJECT ADDED ENTRY--GEOGRAPHIC NAME
Geographic name International
690 ## - BROAD SUBJECT
9 (RLIN) 6277
Broad subject RICS
700 ## - ADDED PERSONAL NAME
Added personal author Bichard, Michael
710 ## - ADDED CORPORATE NAME
Added corporate author Royal Institution of Chartered Surveyors
856 ## - ONLINE RESOURCE
Uniform Resource Identifier <a href="https://www.rics.org/about-rics/corporate-governance/the-bichard-rics-review">https://www.rics.org/about-rics/corporate-governance/the-bichard-rics-review</a>
Public note Available free on RICS.org
942 ## - ADDED ENTRY ELEMENTS (KOHA)
Suppress in OPAC Do not suppress in OPAC
Holdings
Lost status Damaged status Not for loan Current library Shelving location Date acquired Total Checkouts Date last seen Price effective from Koha item type
      Virtual Online 03/02/2023   03/02/2023 03/02/2023 Online material